000 00810nam a2200241 i 4500
001 102715
003 ES-MaACL
005 20250824061507.0
007 t|
008 051129s2003 pr ||||1| spa d
020 _a1-881703-52-5
080 _a821.134.2(729.5)-2"19"
245 0 3 _aLa nueva dramaturgia puertorriqueña /
_cselección e introducción de Laurietz Seda.
250 _a1ª ed.
260 _aSan Juan, Puerto Rico :
_bLEA, Ateneo Puertorriqueño,
_c2003.
300 _a185 p. ;
_c22 cm.
490 1 _aCuadernos de teatro ;
_v5
700 1 _aSeda, Laurietz.
_9105060
710 2 _aAteneo Puertorriqueño
_92054
830 0 0 _aCuadernos del Ateneo.
_pSerie de teatro (Ateneo Puertorriqueño)
_v5
_9178597
852 _aES-MaACL
_jE-11194
_bR.136902
999 _c102715
_d102715